|
|
|
|
| LEADER |
00000nab#a22000007a#4500 |
| 001 |
arbauad038424 |
| 003 |
AR-BaUAD |
| 005 |
20250711113016.0 |
| 008 |
990723|||||||||###||||||b###|0###a|spa|| |
| 040 |
|
|
|a AR-BaUAD
|c AR-BaUAD
|b spa
|
| 245 |
1 |
0 |
|a Animation production management roster north america
|
| 500 |
|
|
|a Lista de los estudios de animación de Estados Unidos y Canada.
|
| 653 |
|
|
|a ESTUDIOS DE ANIMACION
|
| 653 |
|
|
|a PRODUCCION
|
| 653 |
|
|
|a ANIMACION
|
| 653 |
|
|
|a ESTADOS UNIDOS
|
| 653 |
|
|
|a CANADA
|
| 773 |
0 |
|
|t ANIMATION MAGAZINE
|g no. 80 [jul. 1999], p. 19-29
|
| 942 |
|
|
|c ARTI
|
| 952 |
|
|
|0 0
|1 0
|4 0
|7 0
|9 83343
|a AR-BAuAD
|b AR-BAuAD
|d 2025-07-11
|l 0
|p AAQA038424
|r 2025-07-11 11:30:16
|w 2025-07-11
|y ARTI
|
| 990 |
|
|
|a C199
|b TD
|
| 998 |
|
|
|a AAQ
|b BIBUN76
|
| 999 |
|
|
|c 63016
|d 63016
|